Alle US-Präsidenten (1789 - 2024) - Statistiken

Allgemein
  • Dieses Quiz wurde 429 mal gespielt
  • Das Durchschnittsergebnis liegt bei 29 aus 47
Antwortstatistiken
Amtszeit, - dauer Partei Staatspräsident/-in % Korrekt
2017 - 2021 (4 Jahre) Republikaner Donald Trump
100%
2009 - 2017 (8 Jahre) Demokrat Barack Obama
99%
seit 2021 Demokrat Joe Biden
99%
1989 - 1993 (4 Jahre) Republikaner George H. W. Bush
98%
1789 - 1797 (8 Jahre) - George Washington
98%
2001 - 2009 (8 Jahre) Republikaner George W. Bush
98%
1961 - 1963 (2 Jahre) Demokrat John F. Kennedy
93%
1993 - 2001 (8 Jahre) Demokrat William Clinton / Bill Clinton
91%
1861 - 1865 (4 Jahre) Republikaner Abraham Lincoln
89%
1933 - 1945 (12 Jahre) Demokrat Franklin D. Roosevelt
86%
1981 - 1989 (8 Jahre) Republikaner Ronald W. Reagan
86%
1901 - 1909 (8 Jahre) Republikaner Theodore Roosevelt
83%
1969 - 1974 (5 Jahre) Republikaner Richard M. Nixon
81%
1797 - 1801 (4 Jahre) Föderalist John Adams
77%
1825 - 1829 (4 Jahre) - John Quincy Adams
77%
1977 - 1981 (4 Jahre) Demokrat James Carter / Jimmy Carter
74%
1953 - 1961 (8 Jahre) Republikaner Dwight D. Eisenhower
73%
1841 - 1845 (4 Jahre) Whig John Tyler
71%
1945 - 1953 (8 Jahre) Demokrat Harry S. Truman
70%
1801 - 1809 (8 Jahre) Demokrat Thomas Jefferson
66%
1974 - 1977 (3 Jahre) Republikaner Gerald R. Ford
65%
1861 - 1865* (4 Jahre) Konföderation Jefferson Davis (inoffiziell)
65%
1963 - 1969 (6 Jahre) Demokrat Lyndon B. Johnson
64%
1865 - 1869 (4 Jahre) Demokrat Andrew Johnson
61%
1929 - 1933 (4 Jahre) Republikaner Herbert C. Hoover
51%
1913 - 1921 (8 Jahre) Demokrat Woodrow Wilson
51%
1817 - 1825 (8 Jahre) Demokrat James Monroe
49%
1881 (4 Monate) Republikaner James A. Garfield
47%
1809 - 1817 (8 Jahre) Demokrat James Madison
46%
1841 (1 Monat) Whig William Henry Harrison
44%
1889 - 1893 (4 Jahre) Republikaner Benjamin Harrison
43%
1885 - 1889 (4 Jahre) Demokrat Grover Cleveland
43%
1893 - 1897 (4 Jahre) Demokrat Grover Cleveland
43%
1869 - 1877 (8 Jahre) Republikaner Ulysses S. Grant
43%
1909 - 1913 (4 Jahre) Republikaner William H. Taft
43%
1829 - 1837 (8 Jahre) Demokrat Andrew Jackson
42%
1853 - 1857 (4 Jahre) Demokrat Franklin Pierce
41%
1857 - 1861 (4 Jahre) Demokrat James Buchanan
40%
1837 - 1841 (4 Jahre) Demokrat Martin Van Buren
40%
1897 - 1901 (4 Jahre) Republikaner William McKinley
39%
1845 - 1849 (4 Jahre) Demokrat James K. Polk
38%
1923 - 1929 (6 Jahre) Republikaner Calvin Coolidge
37%
1849 - 1850 (1 Jahr) Whig Zachary Taylor
34%
1921 - 1923 (2 Jahre) Republikaner Warren G. Harding
29%
1881 - 1885 (4 Jahre) Republikaner Chester A. Arthur
28%
1877 - 1881 (4 Jahre) Republikaner Rutherford B. Hayes
27%
1850 - 1853 (3 Jahre) Whig Millard Fillmore
26%
Keine übereinstimmenden Quizze gefunden
Verteilung der Resultate
Anzahl Personen mit jedem Resultat
Perzentil nach korrekt beantworteten Fragen
Ihre Resultats-Entwicklung
Sie haben dieses Quiz noch nicht gespielt